| 000 | 01578nam a22001817a 4500 | ||
|---|---|---|---|
| 999 |
_c60065 _d60065 |
||
| 003 | Ge_BSU | ||
| 005 | 20230602163717.0 | ||
| 008 | 230602s1955 ge ||||| |||| 00| 0 geo d | ||
| 041 | _ageo | ||
| 080 | _a902(479.22) მ-36 | ||
| 245 |
_aმასალები საქართველოს და კავკასიის არქეოლოგიისათვის = Материалы по археологии Грузии и Кавказа / _cსაქართველოს მეცნიერებათა აკადემია; რედ. ა. აფაქიძე; ივ. ჯავახიშვილის სახ. ისტორიის, არქეოლოგიისა და ეთნოგრაფიის ინსტიტუტის არქეოლოგიური კვლევის ცენტრი. |
||
| 264 |
_aთბილისი : _bმეცნიერება, _c1955. |
||
| 300 |
_a217 გვ.: _bტაბულები; _c27 სმ. |
||
| 653 | _aკავკასიის არქეოლოგია | ||
| 700 |
_aაფაქიძე, ა. _eრედაქტორი _918443 |
||
| 710 |
_aსაქართველოს მეცნიერებათა აკადემია; _bივ. ჯავახიშვილის სახ. ისტორიის, არქეოლოგიისა და ეთნოგრაფიის ინსტიტუტის არქეოლოგიური კვლევის ცენტრი. _918444 |
||
| 942 |
_2udc _cBK |
||